[Event "Najdorf 2017"]
[Site "Warsaw POL"]
[Date "2017.07.09"]
[Round "1.28"]
[White "Debashis, Das"]
[Black "Sieber, Fiona"]
[Result "1-0"]
[WhiteElo "2505"]
[BlackElo "2287"]

1. d4 Nf6 2. c4 e6 3. Nc3 Bb4 4. e3 O-O 5. Bd3 d5 6. Nf3 c5 7. O-O Nc6 8.
cxd5 exd5 9. dxc5 Bxc5 10. b3 Qe7 11. Bb2 a6 12. h3 Rd8 13. Ne2 Ne4 14. Rc1
Rd6 15. Bb1 Be6 16. Nf4 Rad8 17. Nd3 b6 18. b4 Nxf2 19. Kxf2 d4 20. bxc5
dxe3+ 21. Kg1 bxc5 22. Qe2 1-0

[Event "Najdorf 2017"]
[Site "Warsaw POL"]
[Date "2017.07.09"]
[Round "1.31"]
[White "Othman, A. Moussa"]
[Black "Socko, Monika"]
[Result "1/2-1/2"]
[WhiteElo "2277"]
[BlackElo "2480"]

1. d4 Nf6 2. c4 e6 3. g3 d5 4. Bg2 a6 5. Nf3 dxc4 6. a4 c5 7. O-O cxd4 8.
Nxd4 Bc5 9. Be3 Qe7 10. Nc2 Nc6 11. Bxc6+ bxc6 12. Nba3 Nd5 13. Bxc5 Qxc5
14. e4 Nf6 15. Qe2 O-O 16. e5 Nd7 17. Nxc4 a5 18. N2a3 Ba6 19. Rfd1 Nb6 20.
b3 Nxc4 21. Nxc4 Bxc4 22. bxc4 Rab8 23. Qe4 Rb4 24. Rd4 g6 25. h4 h5 26.
Kg2 Qa7 27. Rd6 c5 28. Qf4 Qb7+ 29. Kh2 Rb3 30. Rad1 Rf3 31. Qd2 Qe4 32.
Kg1 Qxe5 33. Qxa5 Qe2 34. Qxc5 Rf5 35. Qd4 e5 36. Qc5 Kg7 37. Rd8 Rxd8 38.
Rxd8 Kh7 39. a5 Qe1+ 40. Kg2 Qe4+ 41. Kg1 Qe1+ 42. Kg2 Qe4+ 1/2-1/2

[Event "Najdorf 2017"]
[Site "Warsaw POL"]
[Date "2017.07.09"]
[Round "1.37"]
[White "Zlatin, Alexander"]
[Black "Romanishin, Oleg M"]
[Result "0-1"]
[WhiteElo "2259"]
[BlackElo "2463"]

1. e4 e5 2. Nf3 Nc6 3. Bc4 Nf6 4. d3 Be7 5. c3 O-O 6. Bb3 a5 7. Nbd2 d6 8.
h3 b5 9. a3 a4 10. Ba2 Be6 11. g4 Bxa2 12. Rxa2 Nd7 13. Nf1 Nc5 14. Ne3 Na5
15. Nf5 Nab3 16. Be3 g6 17. Nh6+ Kh8 18. h4 Bf6 19. h5 g5 20. Qc2 Ne6 21.
Nd2 Nbc5 22. b4 axb3 23. Nxb3 Na4 24. Rh3 d5 25. c4 bxc4 26. dxc4 d4 27.
Bd2 Nf4 28. Bxf4 exf4 29. c5 Nc3 30. Ra1 Qe7 31. Kf1 Qxe4 32. Qxe4 Nxe4 33.
Rd3 Ra4 34. c6 Rc4 35. Nf5 Rc2 36. Re1 Nxf2 37. Rxd4 Nxg4 38. Rd3 Rxc6 39.
Rd7 Ne5 40. Rd5 Nf3 41. Rc1 Rxc1+ 42. Nxc1 Nh4 43. Nxh4 gxh4 44. Rf5 Bb2
45. Nd3 Bxa3 46. Nxf4 Bd6 47. h6 c5 48. Kg2 Bxf4 49. Rxf4 Rc8 50. Rxf7 c4
51. Kh3 c3 52. Rf1 c2 53. Rc1 Rc4 54. Rf1 Kg8 55. Rg1+ Kf7 56. Rf1+ Kg6 57.
Rg1+ Kxh6 58. Rc1 Kg6 0-1

[Event "Najdorf 2017"]
[Site "Warsaw POL"]
[Date "2017.07.09"]
[Round "1.38"]
[White "Gusain, Himal"]
[Black "Reza, Wojciech"]
[Result "1/2-1/2"]
[WhiteElo "2461"]
[BlackElo "2258"]

1. e4 e5 2. Nf3 Nc6 3. d4 exd4 4. Nxd4 Nf6 5. Nxc6 bxc6 6. e5 Qe7 7. Qe2
Nd5 8. c4 Nb6 9. Nc3 Bb7 10. Bd2 Qe6 11. O-O-O Ba6 12. b3 Ba3+ 13. Kc2 O-O
14. Qe4 f5 15. Qe3 Rae8 16. f4 d6 17. Re1 dxe5 18. Qxe5 Qxe5 19. fxe5 Bc8
20. Nb1 Bc5 21. Bc3 f4 22. Bd3 Bf2 23. Ref1 Be3 24. Be4 Bf5 25. Bxf5 Rxf5
26. Rd1 Rg5 27. g3 fxg3 28. hxg3 Rxg3 29. Rh2 Bf4 30. Re2 Re3 31. Rxe3 Bxe3
32. a4 Kf7 33. a5 Nc8 34. Rd7+ Re7 35. Rd8 Re8 36. Rd7+ Re7 1/2-1/2

[Event "Najdorf 2017"]
[Site "Warsaw POL"]
[Date "2017.07.09"]
[Round "1.43"]
[White "Kowalczyk, Rafal"]
[Black "Noe, Christopher"]
[Result "0-1"]
[WhiteElo "2240"]
[BlackElo "2451"]

1. e4 e5 2. Nf3 Nc6 3. Bc4 Bc5 4. c3 Nf6 5. d3 a6 6. a4 O-O 7. O-O d6 8.
Re1 Ba7 9. h3 Be6 10. Nbd2 Re8 11. Bxe6 Rxe6 12. Nf1 d5 13. Ng3 h6 14. Qc2
Ne7 15. d4 exd4 16. e5 Ne4 17. Nxe4 dxe4 18. Qxe4 dxc3 19. bxc3 Qd5 20. Rb1
Rb8 21. Nd4 Bxd4 22. cxd4 Qxe4 23. Rxe4 Nd5 24. Bd2 Rc6 25. Rb3 Rc2 26. Be1
Rc4 27. a5 c5 28. f3 Rxd4 29. Rxd4 cxd4 30. Bg3 Rc8 31. Rd3 Rc1+ 32. Kf2
Rc2+ 33. Kg1 Ra2 34. Rxd4 Rxa5 35. Be1 Rc5 36. f4 f5 37. exf6 Nxf6 38. Bb4
Rc8 39. g4 Kh7 40. Kf2 Rc2+ 41. Kf3 Rb2 42. f5 Rb3+ 43. Kg2 Re3 44. Bd2
Re2+ 45. Kf1 Rh2 46. Rd3 Ne4 47. Be1 Rh1+ 48. Ke2 b5 49. Re3 Nf6 50. Rd3
Rh2+ 51. Kf1 Ra2 52. Re3 a5 53. Re7 b4 54. Rb7 Rh2 55. Bg3 Rd2 56. Be5 Rd7
57. Rb8 Nd5 58. Kf2 a4 59. h4 Re7 60. Bd6 a3 61. g5 hxg5 62. hxg5 a2 63.
Ra8 b3 64. Kf3 Re8 65. g6+ Kh6 66. Ra4 Kg5 0-1

[Event "Najdorf 2017"]
[Site "Warsaw POL"]
[Date "2017.07.09"]
[Round "1.46"]
[White "Nguyen, Piotr"]
[Black "Szadkowski, Kamil"]
[Result "0-1"]
[WhiteElo "2444"]
[BlackElo "2237"]

1. d4 Nf6 2. Bg5 Ne4 3. Bf4 e6 4. Nd2 Bd6 5. Bxd6 Nxd6 6. e4 f5 7. Bd3 O-O
8. Qe2 b6 9. Ngf3 Bb7 10. O-O-O Nc6 11. c3 Ne7 12. e5 Nf7 13. Rhg1 Nd5 14.
Bb1 Nh6 15. h3 c5 16. c4 Ba6 17. dxc5 Rc8 18. Nd4 Rxc5 19. Bc2 Qc7 20. g4
Nb4 21. gxf5 Nxc2 22. Kxc2 Rxe5 23. Qd3 Nxf5 24. Nxf5 Rexf5 25. Kb1 d5 26.
cxd5 Bxd3+ 0-1

[Event "Najdorf 2017"]
[Site "Warsaw POL"]
[Date "2017.07.09"]
[Round "1.48"]
[White "Percivaldi, Martin"]
[Black "Dzierzak, Radoslaw"]
[Result "1/2-1/2"]
[WhiteElo "2433"]
[BlackElo "2231"]

1. d4 Nf6 2. c4 e6 3. Nf3 Bb4+ 4. Nbd2 d6 5. g3 O-O 6. Bg2 Nc6 7. O-O e5 8.
d5 Nb8 9. Nb3 b6 10. a3 Bc5 11. Nxc5 bxc5 12. b4 Nbd7 13. Be3 Ng4 14. Bg5
f6 15. Bd2 e4 16. Nh4 e3 17. fxe3 a5 18. bxa5 Nde5 19. Rc1 Ba6 20. Bh3 Nh6
21. Be6+ Nhf7 22. Qb3 Rb8 23. Qa2 Qe8 24. a4 Kh8 25. Nf3 Ng5 26. Nxe5 fxe5
27. Rxf8+ Qxf8 28. Rf1 Qe8 29. Bf5 Qh5 30. Bc3 Rf8 31. h4 Rxf5 32. hxg5
Qxg5 33. Rxf5 Qxg3+ 34. Kf1 Qh3+ 35. Ke1 Qxf5 36. Qb3 Qf8 37. e4 h6 38. Bd2
g5 39. Qh3 Bc8 40. Qb3 Ba6 41. Qh3 Bc8 42. Qb3 Ba6 1/2-1/2

[Event "Najdorf 2017"]
[Site "Warsaw POL"]
[Date "2017.07.09"]
[Round "1.50"]
[White "Janik, Igor"]
[Black "Kowalski, Igor"]
[Result "1-0"]
[WhiteElo "2425"]
[BlackElo "2226"]

1. e4 e5 2. Nf3 Nc6 3. Bb5 a6 4. Ba4 Nf6 5. O-O Be7 6. Re1 b5 7. Bb3 O-O 8.
c3 d5 9. d4 exd4 10. e5 Ne4 11. cxd4 Bg4 12. Be3 Na5 13. Bc2 f5 14. Bd3 Nc4
15. Bc1 c5 16. b3 Nb6 17. Be2 Bxf3 18. Bxf3 cxd4 19. Ba3 Ng5 20. Bxe7 Qxe7
21. Qxd4 Nxf3+ 22. gxf3 Qe6 23. Nd2 f4 24. Rac1 Nd7 25. Kh1 Rf5 26. Rc7
Nxe5 27. Re7 Qxe7 28. Qxd5+ Qf7 29. Qxa8+ Qf8 30. Qxa6 Nd3 31. Qe6+ Rf7 32.
Re2 Nc1 33. Re5 g6 34. Ne4 Kg7 35. Rxb5 Nxa2 36. Qe5+ Kg8 37. Rb8 1-0

[Event "Najdorf 2017"]
[Site "Warsaw POL"]
[Date "2017.07.09"]
[Round "1.53"]
[White "Zaleski, Lukasz"]
[Black "Das, Arghyadip"]
[Result "1/2-1/2"]
[WhiteElo "2220"]
[BlackElo "2416"]

1. e4 c5 2. Nf3 e6 3. d4 cxd4 4. Nxd4 Nc6 5. Nc3 Qc7 6. g3 a6 7. Bg2 Nf6 8.
O-O Be7 9. Re1 d6 10. Nxc6 bxc6 11. e5 dxe5 12. Rxe5 O-O 13. Re1 Nd5 14.
Ne4 Rd8 15. Qe2 Bb7 16. Bd2 c5 17. Ng5 h6 18. Nf3 Bf6 19. Ne5 Nb6 20. Bxb7
Qxb7 21. Ng4 Bg5 22. f4 Be7 23. Rad1 c4 24. Be3 Na4 25. Rxd8+ Rxd8 26. Qxc4
Nxb2 27. Qb3 Qb5 28. Ne5 Bf6 29. Ng4 Be7 30. Ne5 Bf6 31. Ng4 Be7 1/2-1/2

[Event "Najdorf 2017"]
[Site "Warsaw POL"]
[Date "2017.07.09"]
[Round "1.56"]
[White "Zherebtsova, Alexandra"]
[Black "Saeed, Ishaq"]
[Result "0-1"]
[WhiteElo "2219"]
[BlackElo "2428"]

1. d4 Nf6 2. Nf3 e6 3. c4 b6 4. a3 Bb7 5. Nc3 d5 6. cxd5 Nxd5 7. Qc2 c5 8.
e4 Nxc3 9. bxc3 Be7 10. Bd3 Nc6 11. O-O Rc8 12. d5 exd5 13. exd5 Qxd5 14.
Be4 Qh5 15. Re1 O-O 16. Bxc6 Rxc6 17. Rxe7 Rg6 18. Nh4 Rd8 19. Be3 Rgd6 20.
Re1 Bc6 21. Bf4 Rd1 22. Bg3 g6 23. Qb3 g5 24. Nf3 Bxf3 25. gxf3 Qxf3 26.
Re3 Rxe1+ 27. Rxe1 h5 28. Qb5 h4 29. Re8+ Rxe8 30. Qxe8+ Kh7 31. Be5 h3 32.
Qh8+ Kg6 33. Qg7+ Kh5 34. Qh8+ Kg4 35. Qc8+ f5 0-1

[Event "Najdorf 2017"]
[Site "Warsaw POL"]
[Date "2017.07.09"]
[Round "1.65"]
[White "Szustakowski, Antoni"]
[Black "Nurkiewicz, Maciej"]
[Result "1/2-1/2"]
[WhiteElo "2171"]
[BlackElo "2373"]
[PlyCount "102"]
[EventDate "2017.??.??"]

1. d4 Nf6 2. c4 c5 3. d5 b5 4. cxb5 a6 5. f3 axb5 6. e4 Qa5+ 7. Bd2 b4 8. Na3
d6 9. Nc4 Qd8 10. a3 e6 11. dxe6 Bxe6 12. Bg5 Nc6 13. Bd3 Be7 14. Ne2 O-O 15.
O-O bxa3 16. bxa3 d5 17. exd5 Qxd5 18. Bxf6 Bxf6 19. Nb6 Qd8 20. Nxa8 Bxa1 21.
Nc7 Bd4+ 22. Nxd4 Qxd4+ 23. Kh1 Rd8 24. Nxe6 fxe6 25. Bc2 Qxd1 26. Rxd1 Rxd1+
27. Bxd1 c4 28. a4 Kf8 29. Kg1 Ke7 30. Kf2 Kd6 31. Ke3 Kc5 32. f4 Kb4 33. Kd2
Na5 34. g3 Nb3+ 35. Kc2 Nc5 36. a5 Kxa5 37. Kc3 Kb5 38. Be2 Ne4+ 39. Kd4 Nd6
40. Ke5 Kc5 41. Bxc4 Nxc4+ 42. Kxe6 Ne3 43. Kf7 Nf5 44. g4 Nh6+ 45. Kxg7 Nxg4
46. h3 Ne3 47. Kxh7 Kd5 48. Kg6 Ke4 49. Kg5 Nf5 50. h4 Nxh4 51. Kxh4 Kxf4
1/2-1/2

[Event "Najdorf 2017"]
[Site "Warsaw POL"]
[Date "2017.07.09"]
[Round "1.66"]
[White "Teclaf, Pawel"]
[Black "Fieberg, Samuel"]
[Result "1-0"]
[WhiteElo "2372"]
[BlackElo "2169"]
[PlyCount "37"]
[EventDate "2017.??.??"]

1. e4 c5 2. Nf3 d6 3. d4 cxd4 4. Nxd4 Nf6 5. Nc3 a6 6. Bc4 e6 7. Bb3 Be7 8. f4
Nc6 9. Be3 Qc7 10. Qf3 O-O 11. O-O-O Nxd4 12. Bxd4 e5 13. fxe5 dxe5 14. Qg3 Bd6
15. Be3 Bb4 16. Rhf1 Nh5 17. Qg5 Nf4 18. Rxf4 exf4 19. Bd4 1-0

[Event "Najdorf 2017"]
[Site "Warsaw POL"]
[Date "2017.07.10"]
[Round "2.1"]
[White "Cheparinov, Ivan"]
[Black "Krzyzanowski, Marcin"]
[Result "0-1"]
[WhiteElo "2703"]
[BlackElo "2464"]

1. d4 Nf6 2. c4 e6 3. Nf3 d5 4. g3 Bb4+ 5. Nbd2 O-O 6. Bg2 b6 7. O-O Bb7 8.
b3 Nbd7 9. Bb2 Re8 10. Rc1 Rc8 11. Ne5 Qe7 12. cxd5 exd5 13. Ndf3 Nxe5 14.
Nxe5 Bd6 15. e3 a5 16. Bh3 Ra8 17. Nc6 Bxc6 18. Rxc6 h5 19. a4 h4 20. Qf3
Ne4 21. Bg2 Qg5 22. Bc1 Re6 23. Qe2 hxg3 24. fxg3 Rae8 25. Bxe4 dxe4 26.
Qb5 Qxb5 27. axb5 Rh6 28. Rf5 g6 29. Rd5 Rh5 30. Rxh5 gxh5 31. Bb2 Re6 32.
d5 Rg6 33. Rc4 f5 34. Kf2 h4 35. gxh4 Rh6 36. h3 Rxh4 37. Kg2 Rh6 38. Rc1
Kf7 39. Rf1 Rg6+ 40. Kh1 f4 41. exf4 Rg3 42. Be5 Rxh3+ 43. Kg2 Rxb3 44. Rh1
Rxb5 45. Rh7+ Kg6 46. Rg7+ Kh6 47. Rg5 Bxe5 48. Rxe5 a4 0-1

[Event "Najdorf 2017"]
[Site "Warsaw POL"]
[Date "2017.07.10"]
[Round "2.2"]
[White "Kovalev, Vladislav"]
[Black "Bilguun, Sumiya"]
[Result "1/2-1/2"]
[WhiteElo "2639"]
[BlackElo "2460"]

1. e4 c5 2. Nf3 e6 3. d4 cxd4 4. Nxd4 a6 5. Bd3 Qc7 6. O-O Nf6 7. Qe2 d6 8.
f4 g6 9. f5 Bg7 10. fxe6 fxe6 11. Nc3 Nc6 12. Nxc6 bxc6 13. e5 dxe5 14. Ne4
O-O 15. Be3 Nxe4 16. Rxf8+ Bxf8 17. Bxe4 Rb8 18. b3 c5 19. Qg4 c4 20. Rd1
cxb3 21. axb3 Rb4 22. h4 Bc5 23. Bxc5 Qxc5+ 24. Kh2 Rd4 25. Rf1 Qb4 26. Qf3
Rxe4 27. Qf7+ Kh8 28. Qf6+ 1/2-1/2

[Event "Najdorf 2017"]
[Site "Warsaw POL"]
[Date "2017.07.10"]
[Round "2.3"]
[White "Romanishin, Oleg M"]
[Black "Fridman, Daniel"]
[Result "0-1"]
[WhiteElo "2463"]
[BlackElo "2635"]

1. d4 d5 2. Nf3 Nf6 3. c4 e6 4. g3 Be7 5. Bg2 O-O 6. Qc2 c5 7. dxc5 Qa5+ 8.
Nc3 dxc4 9. O-O Nc6 10. Bg5 Qxc5 11. Bxf6 gxf6 12. Ne4 Qb5 13. Rfd1 f5 14.
Nd6 Qc5 15. Nxc4 e5 16. Ne3 Qxc2 17. Nxc2 Be6 18. Ne3 Rfd8 19. Bh3 e4 20.
Ne1 Nd4 21. Kf1 a5 22. N1g2 a4 23. Nf4 Bf6 24. Nxe6 fxe6 25. Rac1 Nc6 26.
Rxd8+ Rxd8 27. b3 a3 28. Nc4 Nb4 29. Rb1 Ra8 30. g4 Nxa2 31. gxf5 Nc3 32.
Ra1 a2 0-1

[Event "Najdorf 2017"]
[Site "Warsaw POL"]
[Date "2017.07.10"]
[Round "2.4"]
[White "Piorun, Kacper"]
[Black "Sundararajan, Kidambi"]
[Result "1-0"]
[WhiteElo "2632"]
[BlackElo "2444"]

1. e4 e5 2. Nf3 Nc6 3. Bc4 Bc5 4. c3 Nf6 5. d4 exd4 6. e5 d5 7. Be2 Ne4 8.
cxd4 Bb4+ 9. Nbd2 O-O 10. O-O f6 11. exf6 Nxf6 12. Bb5 Bg4 13. Bxc6 Bxd2
14. Bxd2 bxc6 15. Bb4 Rf7 16. Qd3 Rb8 17. Ba3 Bxf3 18. Qxf3 Ne4 19. Qe3 Qd7
20. Rac1 Re8 21. Qd3 Rf6 22. Rce1 Ree6 23. f3 Ng5 24. Bb4 Rg6 25. Qf5 Nf7
26. Rxe6 Rxe6 27. Qd3 Qe8 28. Kf2 Qd8 29. g3 Qf6 30. Re1 Ng5 31. h4 Ne4+
32. Kg2 Nd6 33. Rxe6 Qxe6 34. h5 Nf5 35. g4 Ne3+ 36. Kf2 Nc4 37. b3 Nd6 38.
Qe3 Kf7 39. Qf4+ Ke8 40. Qg5 Kf7 41. Bc5 a6 42. Qd8 Qc8 43. Qg5 Qe6 44. Qd2
Qf6 45. Ke2 Nb7 46. Ba3 Nd6 47. Qe3 Nb5 48. Bc5 Qe6 49. Qxe6+ Kxe6 50. Ke3
Nd6 51. Bxd6 cxd6 52. b4 Kf6 53. f4 h6 54. Kd3 g6 55. hxg6 Kxg6 56. Ke3 h5
57. gxh5+ Kxh5 58. Kf3 Kh4 59. a4 Kh5 60. Kg3 Kg6 61. Kg4 Kf6 62. f5 Kg7
63. Kg5 Kf7 64. f6 c5 65. bxc5 dxc5 66. dxc5 d4 67. c6 1-0

[Event "Najdorf 2017"]
[Site "Warsaw POL"]
[Date "2017.07.10"]
[Round "2.5"]
[White "Drozdowski, Kacper"]
[Black "Edouard, Romain"]
[Result "0-1"]
[WhiteElo "2461"]
[BlackElo "2622"]

1. e4 c5 2. Nf3 Nc6 3. Nc3 g6 4. d4 cxd4 5. Nxd4 Bg7 6. Be3 Nf6 7. Bc4 O-O
8. Bb3 a6 9. f3 Qc7 10. Qd2 b5 11. O-O Na5 12. Rad1 Bb7 13. Qf2 b4 14. Na4
d5 15. exd5 Nxb3 16. d6 Qxd6 17. Nxb3 Qc7 18. Nac5 Bc6 19. Nd3 Nd5 20. Bd4
e5 21. Bc5 Rfb8 22. Nd2 Bb5 23. Ne4 Rc8 24. Rfe1 f5 25. Bd6 Qxc2 26. Rd2
Qc6 27. Nxe5 Bxe5 28. Bxe5 fxe4 29. fxe4 Ne7 30. Rd6 Rf8 31. Qe3 Qc4 32. h4
Nc6 33. Bf6 Qf7 34. h5 Qa7 35. hxg6 hxg6 36. Qxa7 Rxa7 37. Rc1 Nb8 38. e5
Nd7 39. Be7 Re8 40. Rxg6+ Kf7 41. Bc5 Rc7 42. Rg5 Rxc5 43. e6+ Rxe6 44.
Rgxc5 Nxc5 45. Rxc5 Re1+ 46. Kh2 Re2 0-1

[Event "Najdorf 2017"]
[Site "Warsaw POL"]
[Date "2017.07.10"]
[Round "2.6"]
[White "Dragun, Kamil"]
[Black "Janik, Igor"]
[Result "1-0"]
[WhiteElo "2621"]
[BlackElo "2425"]

1. e4 c5 2. Nf3 d6 3. Bb5+ Nd7 4. O-O a6 5. Bd3 Ngf6 6. c3 b5 7. Bc2 Bb7 8.
Re1 e5 9. d4 Be7 10. Nbd2 Qc7 11. Nf1 O-O 12. a4 Rfe8 13. Ng3 cxd4 14. cxd4
Rac8 15. Bb3 exd4 16. Nxd4 Nc5 17. axb5 axb5 18. Bc2 Qb6 19. b4 Na6 20. Bb3
d5 21. e5 Bxb4 22. Re3 Nd7 23. Bb2 Rxe5 24. Ndf5 Rxe3 25. fxe3 Nf6 26. Bd4
Qe6 27. Nxg7 Kxg7 28. Nh5+ Kf8 29. Nxf6 Bc3 30. Rb1 Nb4 31. e4 Ke7 32. exd5
Bxd5 33. Nxd5+ Nxd5 34. Bf2 Rd8 35. Qf3 Qe5 36. Bc5+ Ke6 37. Rd1 b4 38.
Qh3+ f5 39. Qxh7 Kf6 40. Qh4+ 1-0

[Event "Najdorf 2017"]
[Site "Warsaw POL"]
[Date "2017.07.10"]
[Round "2.7"]
[White "Noe, Christopher"]
[Black "Jumabayev, Rinat"]
[Result "0-1"]
[WhiteElo "2451"]
[BlackElo "2620"]

1. d4 Nf6 2. c4 e6 3. Nf3 Bb4+ 4. Nbd2 O-O 5. a3 Be7 6. e4 d6 7. Bd3 e5 8.
O-O Nfd7 9. d5 a5 10. Bc2 c6 11. Rb1 Na6 12. b4 cxd5 13. cxd5 axb4 14. axb4
Nb6 15. Re1 Bd7 16. Nf1 Nc7 17. Ne3 Nb5 18. Qd3 g6 19. Bb2 Bf6 20. Ra1 Nc7
21. Rxa8 Qxa8 22. Ra1 Qb8 23. Qa3 Nb5 24. Qb3 Qc7 25. Bd3 Rc8 26. h3 Bg7
27. Rc1 Qd8 28. Ra1 Qc7 29. Rc1 Qd8 30. Ra1 h5 31. Kh1 Qf6 32. Nc4 Nxc4 33.
Bxc4 Nd4 34. Nxd4 exd4 35. Kg1 Qf4 36. Re1 b5 37. Bf1 h4 38. Qf3 Qd2 39.
Rb1 Rc2 40. Rd1 Qxb4 41. Ba3 Qa4 42. Bxd6 Rc3 43. Qe2 b4 44. e5 b3 45. e6
Be8 46. Be5 d3 47. Qe1 b2 48. d6 Bxe5 49. d7 Bxd7 50. exd7 Qxd7 51. Qxe5
Rc1 52. Qb8+ Kh7 53. Qb3 Rxd1 54. Qxd1 d2 55. Be2 Qf5 0-1

[Event "Najdorf 2017"]
[Site "Warsaw POL"]
[Date "2017.07.10"]
[Round "2.8"]
[White "Mista, Aleksander"]
[Black "Barski, Radoslaw"]
[Result "1/2-1/2"]
[WhiteElo "2599"]
[BlackElo "2402"]

1. e4 e5 2. Nf3 Nc6 3. Bb5 a6 4. Ba4 Nf6 5. O-O Be7 6. Re1 b5 7. Bb3 d6 8.
c3 O-O 9. h3 Re8 10. d4 Bb7 11. Nbd2 Bf8 12. a3 g6 13. Ba2 Bg7 14. b4 a5
15. d5 Ne7 16. Nb3 axb4 17. axb4 Nxe4 18. Rxe4 Bxd5 19. Re1 e4 20. Bg5 f6
21. Bf4 g5 22. Bg3 c5 23. Na5 Bxa2 24. Rxa2 exf3 25. Nb7 Qd7 26. Nxc5 Qc6
27. Rxa8 Rxa8 28. Rxe7 dxc5 29. Rc7 Qe6 30. bxc5 f5 31. Re7 Qc4 32. Be5 Bf8
33. Rd7 Bxc5 34. Rg7+ Kf8 35. Rxh7 Bxf2+ 36. Kh2 Qe6 37. Bd6+ Kg8 38. Re7
Ra1 39. Qd3 Qc4 40. Re8+ Kf7 41. Rf8+ Kg7 42. Be5+ Kxf8 43. Qd8+ Kf7 44.
Qd7+ Kf8 45. Qd8+ Kf7 1/2-1/2

[Event "Najdorf 2017"]
[Site "Warsaw POL"]
[Date "2017.07.10"]
[Round "2.9"]
[White "Saeed, Ishaq"]
[Black "Tomczak, Jacek"]
[Result "0-1"]
[WhiteElo "2428"]
[BlackElo "2596"]

1. d4 Nf6 2. c4 g6 3. Nf3 Bg7 4. g3 d5 5. Bg2 dxc4 6. Na3 c3 7. bxc3 O-O 8.
O-O c5 9. Re1 Nc6 10. e4 Bg4 11. Bb2 Ne8 12. e5 Nc7 13. h3 Bf5 14. Qe2 Qc8
15. Kh2 cxd4 16. cxd4 Nb4 17. Red1 Ncd5 18. Nh4 Be6 19. Rdc1 Qd7 20. Nc4
Rac8 21. a3 Nc6 22. Rd1 f5 23. Rac1 Bh6 24. Rc2 b5 25. Ne3 Na5 26. Nxd5
Bxd5 27. Rc5 Bxg2 28. Nxg2 Rxc5 29. dxc5 Qc6 30. e6 Nc4 31. Ba1 Qxc5 32. a4
a6 33. Rd7 Re8 34. Ne1 Qc6 35. f3 Be3 36. Ng2 Qxe6 37. Qd3 Bg5 38. axb5
axb5 39. h4 Bf6 40. Nf4 Qc6 41. Nd5 Bxa1 42. Nxe7+ Rxe7 43. Rxe7 Qd6 44.
Qxd6 Nxd6 45. Rd7 Nc4 46. Rb7 Na3 47. g4 Be5+ 48. Kg2 h5 49. gxh5 gxh5 50.
Kf2 Bd6 51. Ke3 Nc2+ 52. Kd3 Ne1+ 53. Ke2 Ng2 54. Rb6 Nf4+ 55. Kf1 Bc5 56.
Rxb5 Ne6 57. Rb7 Kf8 58. Kg2 Be7 59. Rb5 Ng7 60. Kg3 Kf7 61. Rb6 Ne6 62.
Ra6 Bb4 63. Ra4 Be1+ 64. Kh3 Kf6 65. Rc4 Ke5 66. Ra4 Nf4+ 67. Kh2 Bxh4 68.
Ra5+ Kf6 69. Ra8 Bf2 70. Rf8+ Kg6 71. Rg8+ Kf7 72. Ra8 h4 73. Ra4 Bg3+ 74.
Kh1 Kf6 75. Ra5 Kg5 76. Ra8 Nd3 77. Kg2 Ne1+ 78. Kh3 Nxf3 79. Rg8+ Kf4 80.
Ra8 Ng5+ 81. Kg2 h3+ 82. Kf1 Ne4 83. Ra4 Bf2 84. Rb4 Bc5 85. Rb2 Ng3+ 86.
Ke1 Bg1 87. Rb4+ Kg5 88. Rb3 Kg4 89. Rb4+ f4 0-1

[Event "Najdorf 2017"]
[Site "Warsaw POL"]
[Date "2017.07.10"]
[Round "2.10"]
[White "Das, Sayantan"]
[Black "Aleksandrov, Aleksej"]
[Result "1-0"]
[WhiteElo "2399"]
[BlackElo "2581"]

1. e4 e5 2. Nf3 Nc6 3. Bb5 a6 4. Ba4 Nf6 5. O-O Be7 6. Re1 b5 7. Bb3 d6 8.
c3 O-O 9. h3 Bb7 10. d4 Nd7 11. Nbd2 exd4 12. cxd4 Re8 13. Nf1 Na5 14. Bc2
Bf6 15. Ng3 g6 16. Bh6 Rc8 17. Rc1 Nc4 18. b3 Na3 19. Bd3 c5 20. Qd2 a5 21.
e5 dxe5 22. Be4 Ba6 23. dxc5 Nxc5 24. Bd5 b4 25. Ng5 Ne6 26. N3e4 Nxg5 27.
Bxg5 Be7 28. Bxe7 Rxe7 29. Rxc8 Qxc8 30. Qh6 Qf5 31. Re3 Bb7 32. Rf3 Qxe4
33. Bxe4 Bxe4 34. Qh4 1-0

[Event "Najdorf 2017"]
[Site "Warsaw POL"]
[Date "2017.07.10"]
[Round "2.11"]
[White "Heberla, Bartlomiej"]
[Black "Skawinski, Arkadiusz"]
[Result "1/2-1/2"]
[WhiteElo "2577"]
[BlackElo "2386"]

1. c4 e6 2. d4 d5 3. Nf3 c6 4. Bg5 Nf6 5. e3 h6 6. Bf4 Nbd7 7. Nc3 Qa5 8.
Nd2 Bb4 9. Qb3 Nh5 10. Bc7 Qxc7 11. Qxb4 Nhf6 12. Be2 Nb6 13. O-O dxc4 14.
Bxc4 Qe7 15. Qxe7+ Kxe7 16. Rac1 Rd8 17. Be2 e5 18. Nb3 exd4 19. Nxd4 Be6
20. Rfd1 c5 21. Nxe6 fxe6 22. Bf3 Rab8 23. Rxd8 Kxd8 24. Rd1+ Ke7 25. h4
Nc4 26. b3 Ne5 27. Be2 a6 28. f4 Nc6 29. Bf3 Na7 30. Kf2 Nb5 31. Na4 b6 32.
g4 Nd6 33. g5 hxg5 34. hxg5 Nfe4+ 35. Bxe4 Nxe4+ 36. Kf3 Nd6 37. e4 c4 38.
e5 Nf5 39. bxc4 Rb7 40. Rb1 b5 41. Kg4 Kf7 42. Nc5 Rc7 43. g6+ Ke7 44. Nxa6
Rxc4 45. Rxb5 Rc3 46. Rb3 Rc2 47. Rb7+ Kd8 48. Kh3 Ne7 49. a4 Nxg6 50. a5
Nxf4+ 51. Kg3 Nd3 52. Rb5 Rc6 53. Nb8 Rc5 54. Rxc5 Nxc5 1/2-1/2

[Event "Najdorf 2017"]
[Site "Warsaw POL"]
[Date "2017.07.10"]
[Round "2.12"]
[White "Deszczynski, Adam"]
[Black "Indjic, Aleksandar"]
[Result "0-1"]
[WhiteElo "2380"]
[BlackElo "2575"]

1. e4 c5 2. Nf3 d6 3. Bb5+ Nd7 4. d4 Nf6 5. O-O cxd4 6. Qxd4 a6 7. Bxd7+
Bxd7 8. Bg5 e6 9. Nc3 Be7 10. Rad1 h6 11. Bxf6 gxf6 12. Rfe1 Rc8 13. Nd2 b5
14. Nf1 h5 15. Ne3 Rg8 16. a4 Bc6 17. axb5 axb5 18. Ne2 h4 19. Qd3 Qb6 20.
Nd4 Rg5 21. Nxc6 Qxc6 22. c3 h3 23. g3 f5 24. Nc2 fxe4 25. Qxe4 Qxe4 26.
Rxe4 Rc4 27. Re2 d5 28. Kf1 Kd7 29. Ra1 Ra4 30. Ree1 Rg8 31. Ke2 Bc5 32. b3
Re4+ 33. Kf1 Rxe1+ 34. Nxe1 Rc8 35. Nd3 Bd6 36. Rc1 e5 37. f3 f5 38. Ke2
Ra8 39. Rc2 Ra1 40. c4 Rh1 0-1

[Event "Najdorf 2017"]
[Site "Warsaw POL"]
[Date "2017.07.10"]
[Round "2.13"]
[White "Kaczmarek, Aleksander"]
[Black "Sadzikowski, Daniel"]
[Result "0-1"]
[WhiteElo "2380"]
[BlackElo "2563"]

1. e4 c5 2. b3 g6 3. Bb2 Nf6 4. e5 Nd5 5. Qf3 Nb4 6. Bc4 e6 7. Na3 N8c6 8.
Qe3 Nd4 9. O-O-O b5 10. Bd3 Nxd3+ 11. Qxd3 a6 12. Nf3 Nxf3 13. Qxf3 Rb8 14.
d4 Qg5+ 15. Kb1 cxd4 16. Rxd4 Bb7 17. Qd3 Bc5 18. Rxd7 Qxg2 19. Rd1 O-O 20.
f4 Bc6 21. Qd2 Qxd2 22. R7xd2 Bf3 23. Rf1 Rfd8 24. Rd6 Rxd6 25. exd6 Bg4
26. c4 Bf5+ 27. Nc2 bxc4 28. Rd1 cxb3 29. axb3 Rd8 30. d7 e5 31. Rd5 Be7
32. fxe5 Rxd7 33. Rxd7 Bxd7 34. Nd4 g5 35. Kc2 h5 36. Kd3 Kh7 37. Ke4 Kg6
38. Bc3 h4 39. b4 Bc8 40. b5 axb5 41. Nxb5 Bb7+ 42. Ke3 g4 43. Kf2 Bg5 44.
Nd6 Ba8 45. Bd4 Bf4 46. Kg1 h3 47. Bf2 Bxe5 48. Nc4 Bc3 49. Ne3 f5 50. Nd1
Be5 51. Ne3 Bb8 52. Nf1 f4 53. Bb6 g3 54. Bc5 Kh5 55. Bb6 Kg6 56. Bc5 Bg2
57. hxg3 fxg3 58. Bf2 gxf2+ 0-1

[Event "Najdorf 2017"]
[Site "Warsaw POL"]
[Date "2017.07.10"]
[Round "2.14"]
[White "Dziuba, Marcin"]
[Black "Raja, Harshit"]
[Result "1-0"]
[WhiteElo "2561"]
[BlackElo "2377"]

1. d4 d5 2. c4 c6 3. Nf3 Nf6 4. e3 e6 5. Bd3 Nbd7 6. b3 Bd6 7. Bb2 O-O 8.
O-O b6 9. Nbd2 Bb7 10. Ne5 c5 11. cxd5 exd5 12. Nxd7 Nxd7 13. dxc5 bxc5 14.
Qc2 Qh4 15. f4 Rfe8 16. Rf3 c4 17. Bf5 Rxe3 18. Rxe3 Bc5 19. Nf1 d4 20. b4
Bb6 21. Rh3 Qxf4 22. Bxh7+ Kf8 23. Qf5 Qd6 24. Kh1 Nf6 25. Re1 Rd8 26. Qg5
Qd5 27. Bf5 Ng8 28. Ba3 g6 29. Rh7 Rd6 30. b5 Bc5 31. Bxc5 Qxc5 32. Bxg6
1-0

[Event "Najdorf 2017"]
[Site "Warsaw POL"]
[Date "2017.07.10"]
[Round "2.15"]
[White "Kosakowski, Jakub"]
[Black "Czarnota, Pawel"]
[Result "1/2-1/2"]
[WhiteElo "2366"]
[BlackElo "2557"]

1. e4 c6 2. d4 d5 3. Nc3 dxe4 4. Nxe4 Bf5 5. Ng3 Bg6 6. h4 h6 7. Nf3 Nd7 8.
h5 Bh7 9. Bd3 Bxd3 10. Qxd3 e6 11. Bd2 Ngf6 12. O-O-O Be7 13. Kb1 O-O 14.
Ne4 Nxe4 15. Qxe4 Nf6 16. Qe2 Qd5 17. Ne5 Qe4 18. Qxe4 Nxe4 19. Be1 Rfd8
20. f3 Nf6 21. Bf2 a5 22. g4 a4 23. a3 Nd7 24. c4 Bd6 1/2-1/2